00229nam a2200073Ia 4500008004100000082000800041100001300049245009300062240331s9999 xx 000 0 und d bETH aICES. ed 0aEthnic conflict,minority protection and conflict resolution :bohuman right perspectives